| 000 -CABECERA |
| campo de control de longitud fija |
01636nam a2200265 a 4500 |
| 001 - NÚMERO DE CONTROL |
| campo de control |
000081617 |
| 005 - FECHA Y HORA DE LA ÚLTIMA TRANSACCIÓN |
| campo de control |
20200120224608.0 |
| 008 - DATOS DE LONGITUD FIJA--INFORMACIÓN GENERAL |
| campo de control de longitud fija |
161123s2015 ag ||||gr|||| 000 ||spa d |
| 020 ## - NÚMERO INTERNACIONAL ESTÁNDAR DEL LIBRO |
| Número Internacional Estándar del Libro |
9789876275156 |
| 041 0# - CÓDIGO DE LENGUA |
| Código de lengua del texto/banda sonora o título independiente |
+¿spa |
| 043 ## - CÓDIGO DE ÁREA GEOGRÁFICA |
| Código de área geográfica |
s-ag--- |
| 082 04 - NÚMERO DE LA CLASIFICACIÓN DECIMAL DEWEY |
| Número de edición |
21 |
| 090 ## - LOCALMENTE ASIGNADO TIPO-LC NÚMERO DE CLASIFICACIÓN (OCLC); NÚMERO DE CLASIFICACIÓN LOCAL (RLIN) |
| Número de clasificación (OCLC) (R) ; Numero de clasificación, CALL (RLIN) (NR) |
JN |
| Número cutter local (OCLC) ; Número de libro/Signatura topográfica íntegra, CALL (RLIN) |
FRAA |
| 100 1# - ENTRADA PRINCIPAL--NOMBRE DE PERSONA |
| Nombre de persona |
Franco, Anna K. |
| 245 10 - MENCIÓN DE TÍTULO |
| Título |
Rebelión / |
| Mención de responsabilidad, etc. |
Anna K. Franco. |
| 250 ## - MENCIÓN DE EDICIÓN |
| Mención de edición |
1a. ed. |
| 260 ## - PUBLICACIÓN, DISTRIBUCIÓN, ETC. |
| Lugar de publicación, distribución, etc. |
Buenos Aires : |
| Nombre del editor, distribuidor, etc. |
Ediciones B, |
| Fecha de publicación, distribución, etc. |
2015. |
| 300 ## - DESCRIPCIÓN FÍSICA |
| Extensión |
307 páginas. |
| 500 ## - NOTA GENERAL |
| Nota general |
En carátula "Lenah despierta en un mundo que desconoce" |
| 500 ## - NOTA GENERAL |
| Nota general |
Nombre de la autora del libro : Anabella Franco |
| 520 3# - SUMARIO, ETC. |
| Sumario, etc. |
"Es el año 2056. Lenah es una "resucitada" que despierta a los dieciséis años en un mundo que desconoce, pero que parece perfecto. Después de la Tercera Guerra Mundial, la humanidad al fin aprendió ciertas lecciones: ya no hay enfermedades, maldad ni dolor. Pero el día en que Lenah conoce a Nahier, todo cambia. Nahier es un clon. Es un calco mejorado de su original. Sus genes son perfectos y sus acciones están dominadas por la razón. Pero aunque se cree incapaz de sentir, Lenah despierta en él sensaciones que no sabe nombrar. Sin embargo, en este Nuevo Mundo, la perfección es pura apariencia. La Clase Política tiene un poder que la población, anestesiada de felicidad, desconoce. Los clones ya no están dispuestos a ser simples marionetas de los humanos, los ánimos están caldeados, y Lenah muy pronto descubrirá que nada es lo que parece. Tampoco Nahier." |
| 650 17 - PUNTO DE ACCESO ADICIONAL DE MATERIA--TÉRMINO DE MATERIA |
| Término de materia o nombre geográfico como elemento de entrada |
Novela juvenil argentina |
| Fuente del encabezamiento o término |
LEMB |
| 650 27 - PUNTO DE ACCESO ADICIONAL DE MATERIA--TÉRMINO DE MATERIA |
| Término de materia o nombre geográfico como elemento de entrada |
Novela de ciencia-ficción |
| Fuente del encabezamiento o término |
LEMB |
| 650 27 - PUNTO DE ACCESO ADICIONAL DE MATERIA--TÉRMINO DE MATERIA |
| Término de materia o nombre geográfico como elemento de entrada |
Literatura argentina |
| Fuente del encabezamiento o término |
LEMB |